The EU and the political economy of transatlantic relations (Record no. 26606)
[ view plain ]
| 000 -LEADER | |
|---|---|
| fixed length control field | 01905nam a2200397 a 4500 |
| 082 04 - DEWEY DECIMAL CLASSIFICATION NUMBER | |
| Classification number | 337.1/42097 |
| 245 04 - TITLE STATEMENT | |
| Title | The EU and the political economy of transatlantic relations |
| 260 ## - PUBLICATION, DISTRIBUTION, ETC. (IMPRINT) | |
| Place of publication | Bruxelles ; |
| -- | New York : |
| Name of publisher | P.I.E. Peter Lang, |
| Year of publication | 2012. |
| 300 ## - PHYSICAL DESCRIPTION | |
| Number of Pages | 319 p. : |
| Other physical details | ill., map. |
| 490 1# - SERIES STATEMENT | |
| Series statement | European policy, |
| 505 0# - FORMATTED CONTENTS NOTE | |
| Formatted contents note | pt. 1. Introduction -- pt. 2. Transatlantic relations, economic governance, and systemic risks -- pt. 3. Transatlantic relations and trade -- pt. 4. Transatlantic relations, competition policy, and the environment. |
| 700 1# - ADDED ENTRY--PERSONAL NAME | |
| Personal name | Laursen, Finn. |
| 856 40 - ELECTRONIC LOCATION AND ACCESS | |
| Uniform Resource Identifier | http://site.ebrary.com/lib/rucke/Doc?id=10690874 |
No items available.
